| 000 -CABECERA |
| fixed length control field |
01822nam a22003257i 4500 |
| 003 - IDENTIFICADOR DEL NÚMERO DE CONTROL |
| control field |
AR-CdUCM |
| 008 - DATOS DE LONGITUD FIJA--INFORMACIÓN GENERAL |
| fixed length control field |
251205b20242024pe ||||| |||| 00| 0 eng d |
| 020 ## - NÚMERO INTERNACIONAL ESTÁNDAR DEL LIBRO |
| ISBN |
978-612-00-706-8 |
| 040 ## - FUENTE DE LA CATALOGACIÓN |
| Agencia/entidad que catalogó originalmente la obra |
MUNICIPALIDAD PROVINCIAL DEL CUSCO |
| Entidad que transcribió la catalogación |
BIBLIOTECA MUNICIPAL DEL CUSCO |
| 082 ## - NÚMERO DE LA CLASIFICACIÓN DECIMAL DEWEY |
| No. de Clasificación |
985.019 / |
| Notacion interna |
F65 |
| 100 ## - ENTRADA PRINCIPAL--NOMBRE DE PERSONA |
| Nombre Personal |
Flórez Díaz, Marco Antonio. |
| 245 ## - MENCIÓN DE TÍTULO |
| Título |
El Imperio Inca / |
| Resto del título |
Historia , Decadencia y Legado. |
| 260 ## - PUBLICACIÓN, DISTRIBUCIÓN, ETC. |
| Lugar de publicación, distribución, etc. |
Cusco |
| Nombre de la editorial, distribuidor, etc. |
Wilfredo Percy Pillco Flórez. |
| Fecha de publicación, distribución, etc. |
2022 |
| 300 ## - DESCRIPCIÓN FÍSICA |
| Nº de Páginas Extensión |
220 páginas. : |
| Dimensiones |
21 x 17 cm. |
| 500 ## - NOTA GENERAL |
| Bibliografía |
Páginas 218 - 220. |
| 505 ## - NOTA DE CONTENIDO CON FORMATO |
| Nota de contenido formateada |
Capítulo I. Primeros Pobladores en el Valle del Cusco -- Ubicación geográfica y clima -- Primeros Pobladores -- Nacimiento de la Cultura Inca -- Capítulo II. -- Leyenda de Manco Cápac y Mama Ocllo -- Mito de los Hermanos Ayar -- Manifestaciones Sociales -- Organización Social y Política -- Festividades -- Capítulo III. Decadencia y destrucción -- Saqueos y Repartición -- Fundación Española -- Batallas -- Capítulo IV. Investigación Española -- Camino a la Independencia -- José Gabriel Túpac Amaru -- batalla -- fracaso -- muerte -- Capítulo V. Cusco y sus atractivos turísticos -- Qoricancha -- Reseña -Saqueo -- Descripción -- Sacsayhuamán -- Valle Sagrado -- Salineras de Maras -- Machupicchu -- Capítulo VI. Reconocimiento.... |
| 650 ## - PUNTO DE ACCESO ADICIONAL DE MATERIA--TÉRMINO DE MATERIA |
| Descriptor |
Pobladores del Valle |
| 9 (RLIN) |
51658 |
| 650 ## - PUNTO DE ACCESO ADICIONAL DE MATERIA--TÉRMINO DE MATERIA |
| Descriptor |
Estados Regionales |
| 9 (RLIN) |
51659 |
| 650 ## - PUNTO DE ACCESO ADICIONAL DE MATERIA--TÉRMINO DE MATERIA |
| Descriptor |
Cultura Inca |
| 9 (RLIN) |
8612 |
| 650 ## - PUNTO DE ACCESO ADICIONAL DE MATERIA--TÉRMINO DE MATERIA |
| Descriptor |
Leyendas Mitos |
| 9 (RLIN) |
51660 |
| 650 ## - PUNTO DE ACCESO ADICIONAL DE MATERIA--TÉRMINO DE MATERIA |
| Descriptor |
Manifestaciones Sociales Culturales |
| 9 (RLIN) |
51661 |
| 650 ## - PUNTO DE ACCESO ADICIONAL DE MATERIA--TÉRMINO DE MATERIA |
| Descriptor |
Organización, educación |
| 9 (RLIN) |
51662 |
| 650 ## - PUNTO DE ACCESO ADICIONAL DE MATERIA--TÉRMINO DE MATERIA |
| Descriptor |
Tipos de Conquista |
| 9 (RLIN) |
51663 |
| 650 ## - PUNTO DE ACCESO ADICIONAL DE MATERIA--TÉRMINO DE MATERIA |
| Descriptor |
Gobernantes |
| 9 (RLIN) |
39332 |
| 650 ## - PUNTO DE ACCESO ADICIONAL DE MATERIA--TÉRMINO DE MATERIA |
| Descriptor |
Defensa del Cusco |
| 9 (RLIN) |
51664 |
| 650 ## - PUNTO DE ACCESO ADICIONAL DE MATERIA--TÉRMINO DE MATERIA |
| Descriptor |
Mujer Guerrera |
| 9 (RLIN) |
51665 |
| 942 ## - ELEMENTOS DE PUNTO DE ACCESO ADICIONAL (KOHA) |
| Fuente de clasificación |
|
| Tipo de item |
Libros-BMC |
| 945 ## - PROCESAMIENTO DE INFORMACIÓN LOCAL (OCLC) |
| Catalogador |
jmacs |
| AAAA-MM-DD - Fecha de ingreso o modificacion |
5/12/2024 |